000
00287nam a22001217a 4500
082
_a
332.1753 DYE
100
_a
Dyer L.S
_9
9181
245
_a
A Practical Approach to Bank Lending
250
_a
2nd Ed.
260
_a
London
_b
The Institute of Bankers
_c
1983
300
_a
237p
942
_c
BK
999
_c
20925
_d
20925